000 00674nam a2200289Ia 4500
005 20260324133144.0
008 008 260324s9999 xx 000 0 eng d
020 _a9780203221013
037 _aEBOOK
040 _aCRL
040 _beng
040 _cCRL
041 _2eng
041 _aeng
084 _qCRL
100 _aAli Mohammadi
_91192005
245 0 _aIran Encountering Globalization
245 0 _bProblems and Prospects
260 _bTaylor and Francis
260 _c2003
365 _a
365 _b65.99
856 _uhttp://www.taylorfrancis.com/books/9780203221013
942 _cEBOOK
999 _c1790800
_d1790800